La Europa de la Ilustración
Saved in:
| Hovedforfatter: | |
|---|---|
| Format: | Bog |
| Sprog: | spansk |
| Udgivet: |
Barcelona
Crítica
1993
|
| Serier: | La Construcción de Europa
|
| Fag: | |
| Tags: |
Tilføj Tag
Ingen Tags, Vær først til at tagge denne postø!
|
MARC
| LEADER | 00000nam a2200000 a 4500 | ||
|---|---|---|---|
| 001 | UCL1612 | ||
| 003 | CL-VaPUC | ||
| 008 | 030911e19930000SP |||||||||||||||||spa|d | ||
| 020 | |a 8474236126 | ||
| 082 | 0 | 4 | |a 940.253 |b IMH |2 21 |
| 100 | 0 | |a Im Hof, Ulrich |e author |9 478477 | |
| 245 | 1 | 3 | |a La Europa de la Ilustración |
| 300 | |a 260 p | ||
| 942 | |c BK | ||
| 945 | |d 20030911 00:00:00 |a cmena | ||
| 260 | |a Barcelona |b Crítica |c 1993 | ||
| 650 | 0 | |a Historia de Europa |9 392003 | |
| 650 | 0 | |a Ilustración |9 313124 | |
| 650 | 0 | |a Historia social |9 313638 | |
| 650 | 0 | |a Historia política |9 256974 | |
| 650 | 0 | |a Bien común |9 346393 | |
| 650 | 0 | |a Clases sociales |9 256858 | |
| 583 | |a last modification |c 20030911 00:00:00 |k Rodrigo Vera | ||
| 490 | 0 | |a La Construcción de Europa | |
| 999 | |c 305108 |d 305106 | ||
| 952 | |0 0 |1 0 |4 0 |6 940_253000000000000_IMH_1993 |7 0 |8 A |9 368079 |a BIBHIS |b BIBHIS |d 2019-11-21 |i 3907120 |o 940.253 IMH 1993 |p 3907120 |r 2025-01-20 |w 2019-11-21 |y BK |k HIS | ||